000 00702cam a22002171i 4500
001 ca 36000289
003 DLC
005 20260227111140.0
008 770215s1936 nyu 000 0 eng
010 _aca 36000289
035 _a(OCoLC)2741121
040 _aDLC
_cMNoW
_dDLC
042 _apremarc
050 0 0 _aPS2014.H12
_bO5 1936
082 _a812.4
100 1 _aHoward, Bronson,
_d1842-1908.
245 1 0 _aOld love letters :
_ba play in one act /
_cby Bronson Howard ; adapted and arranged for production by Garrett H. Leverton.
260 _aNew York :
_bFrench,
_c1936.
300 _a35 p. (1 leaf of plates) :
_bill. ;
_c19 cm.
700 1 _aLeverton, Garrett H.
_q(Garrett Hasty),
_d1896-1949.
999 _c18059
_d18059